Formes de pays divisées - Puzzle #2 - Statistiques

Statistiques générales
  • Ce quiz a été pris 4 486 fois
  • Le résultat moyen est 7 sur 15
Statistiques - réponses
Pays % Correct
Canada
93%
Inde
87%
Chine
71%
R.D. du Congo
61%
Vatican
57%
Jordanie
50%
Syrie
46%
Venezuela
46%
Ukraine
43%
Papouasie-Nouvelle-Guinée
42%
Panama
37%
Nicaragua
35%
Gabon
33%
Trinité-et-Tobago
26%
Liberia
19%
Aucun quiz correspondant
Distribution des résultats
% des personnes avec chaque résultat
Percentile par nombre de réponses
Votre historique - résultats
Vous n’avez pas pris ce quiz